Catálogo

Encontrando el sentido de todo : (Registro nro. 25423)

Detalles MARC
000 -LEADER
fixed length control field 01456cam a2200349 i 4500
001 - CONTROL NUMBER
control field 25423
003 - CONTROL NUMBER IDENTIFIER
control field Mx-PuUPA
005 - DATE AND TIME OF LATEST TRANSACTION
control field 20251022142018.0
008 - FIXED-LENGTH DATA ELEMENTS--GENERAL INFORMATION
fixed length control field 140415s1996 mx r 001 0 spa d
040 ## - CATALOGING SOURCE
Transcribing agency Mx-PuUPA
Original cataloging agency Mx-PuUPA
Language of cataloging spa
Modifying agency Mx-PuUPA
Description conventions rda
041 1# - LANGUAGE CODE
Language code of text/sound track or separate title spa
Language code of original eng
100 1# - MAIN ENTRY--PERSONAL NAME
Personal name Morris, Thomas V.,
Dates associated with a name 1952-
Relator term autor
9 (RLIN) 17585
240 10 - UNIFORM TITLE
Uniform title Making sense of it all : Pascal and the meaning of life.
Language of a work Español
245 10 - TITLE STATEMENT
Title Encontrando el sentido de todo :
Remainder of title Pascal y el significado de la vida /
Statement of responsibility, etc. Thomas V. Morris ; traducción al español de Ricardo Hernández Forcada
250 ## - EDITION STATEMENT
Edition statement 1a. edición
264 #1 - PRODUCTION, PUBLICATION, DISTRIBUTION, MANUFACTURE, AND COPYRIGHT NOTICE
Place of production, publication, distribution, manufacture México, D.F. :
Name of producer, publisher, distributor, manufacturer Instituto Mexicano de Doctrina Social Cristiana,
Date of production, publication, distribution, manufacture, or copyright notice [1996?]
300 ## - PHYSICAL DESCRIPTION
Extent 207 páginas ;
Dimensions 21 cm
336 ## - CONTENT TYPE
Fuente rdacontent
Content type term texto
Content type code txt
337 ## - MEDIA TYPE
Source rdamedia
Media type term sin medio
Media type code n
338 ## - CARRIER TYPE
Source rdacarrier
Carrier type term volumen
Carrier type code nc
490 ## - SERIES STATEMENT
Series statement Colección Pensamiento Cristiano ;
Volume/sequential designation 2
600 10 - SUBJECT ADDED ENTRY--PERSONAL NAME
Personal name Pascal, Blaise,
Dates associated with a name 1623-1662
9 (RLIN) 11694
650 #7 - SUBJECT ADDED ENTRY--TOPICAL TERM
Source of heading or term armarc
Topical term or geographic name entry element Filosofía
General subdivision Introducción
650 #7 - SUBJECT ADDED ENTRY--TOPICAL TERM
Source of heading or term armarc
Topical term or geographic name entry element Dios
650 #7 - SUBJECT ADDED ENTRY--TOPICAL TERM
Source of heading or term armarc
Topical term or geographic name entry element Conducta de vida
700 1# - ADDED ENTRY--PERSONAL NAME
Personal name Hernández Forcada, Ricardo,
Relator term traductor
765 1# - ORIGINAL LANGUAGE ENTRY
Main entry heading Morris, Thomas V.
Title Making sense of it all : Pascal and the meaning of life
Place, publisher, and date of publication Grand Rapids, Mich. : Wn. B. Eerdmans Publishing, ©1992
942 ## - ADDED ENTRY ELEMENTS (KOHA)
Source of classification or shelving scheme Dewey Decimal Classification
Koha item type Libro
Classification part 100
Item part M8218
Existencias
Withdrawn status Lost status Source of classification or shelving scheme Damaged status Not for loan Collection code Home library Current library Shelving location Date acquired Source of acquisition Cost, normal purchase price Total Checkouts Full call number Barcode Date last seen Cost, replacement price Price effective from Koha item type
    Dewey Decimal Classification     General Biblioteca Karol Wojtyla Biblioteca Karol Wojtyla Sala general 03/12/2013 Donación 0.00   100 M8218 1996 49715 05/01/2026 0.00 03/12/2013 Libro